000 00649nam a2200241Ia 4500
003 OSt
005 20220912152146.0
006 a|||||r|||| 00| 0
007 ta
008 220909b |||||||| |||| 00| 0 eng d
024 _a57628
037 _cTextual
040 _aCSL
_beng
_cCSL
041 _aeng
082 _aI8862:12, G3
100 _aDanser B H
245 0 _aNew systems for the genera of loranthaceal loranthoil with a nomenclator for the old world species of teh subfamily
260 _c1933
300 _ap.
_ccm.
650 _aBotany
942 _hI8862:12, G3
_cTEXL
_2CC
999 _c82110
_d82110